| 000 | 00500cam a2200145u 4500 | ||
|---|---|---|---|
| 082 |
_a629.2275 _bCOR _cL-Tech, P-115 |
||
| 100 | 1 |
_aCorbishley, Harold. [from old catalog] _944399 |
|
| 245 | 0 | 0 | _aMotor cycles and side-cars, construction, management and overhaul, |
| 260 |
_aNew York and London, _bFunk & Wagnalls company _c[1921?] |
||
| 300 |
_a2 p.l., 152 p. _billus. _c19 cm. |
||
| 526 |
_a0 _b0 _c0 _d629_227500000000000_COR |
||
| 650 | 0 |
_aMCE _9379 |
|
| 650 | 0 |
_aMotorcycles. _944400 |
|
| 942 |
_2ddc _cBK |
||
| 999 |
_c548197 _d548197 |
||